000 01188nam a2200361 i 4500
003 EG-ScBUE
005 20241112134824.0
008 161121t2014 enka f b 001 0 eng d
020 _a9781292023359
040 _aEG-ScBUE
_beng
_erda
_cEG-ScBUE
_dEG-ScBUE
082 0 4 _222
_a519.5
_bGRO
100 1 _aGroebner, David F.,
_eauthor.
245 1 0 _aBusiness statistics :
_ba decision-making approach /
_cGroebner, Shannon, Fry.
250 _aNinth edition.
250 _aInternational edition.
264 1 _aHarlow :
_bPearson Education Limited,
_c[2014]
264 4 _cc2014
300 _aii, 869 pages :
_billustrations ;
_c27 cm.
336 _2rdacontent
_atext
_btxt
337 _aunmediated
_2rdamedia
_bn
338 _avolume
_bnc
_2rdacarrier
490 0 _aPearson custom library
504 _aIncludes bibliographical references and index.
590 _aSuzan Ashmawy
650 7 _2BUEsh
_aCommercial statistics.
650 7 _2BUEsh
_aStatistical decision.
650 7 _2BUEsh
_aMathematical statistics.
653 _bBUSECO
_cNovember2016
655 _vReading book
700 1 _aShannon, Patrick W.,
_eauthor.
700 1 _aYang, Minhua,
_eauthor.
942 _2ddc
_cBB
999 _c23232
_d23204